| 000 | 00799cam a2200289 4500 | ||
|---|---|---|---|
| 001 | M1805 | ||
| 008 | 090401t1995 xxu||||| |||| 00| 0 eng d | ||
| 035 | _a(Sirsi) u34631 | ||
| 041 | _aeng | ||
| 050 | _a346.410438 | ||
| 110 |
_aInvestment Property Forum _92112 |
||
| 245 | _aReport on the working party on streamlining commercial property transactions. | ||
| 260 |
_aLondon _bInvestment Property Forum _c1995 |
||
| 300 | _a106p. ; 30cm. | ||
| 350 | _a5 | ||
| 650 | _aCOMMERCIAL PROPERTY TRANSACTIONS | ||
| 650 | _aPROPERTY-COMMERCIAL PROPERTY | ||
| 650 |
_aContracts _96232 |
||
| 650 | _aDISPOSAL | ||
| 650 | _aLATHAM REFORMS | ||
| 650 | _aLIQUIDITY | ||
| 650 | _aSURVEYS | ||
| 650 | _aWARRANTIES | ||
| 690 | _aPROPERTY-COMMERCIAL PROPERTY | ||
| 942 | _n0 | ||
| 948 | _c04/03/1997 | ||
| 999 |
_c89973 _d89973 |
||